| 000 | 02045nam a2200361 i 4500 | ||
|---|---|---|---|
| 003 | EG-GICUC | ||
| 005 | 20260428114449.0 | ||
| 008 | 260428s1994 ua ||||fr|||| 00| 0 ara d | ||
| 017 | _a94/4709 | ||
| 020 | _a977007022 | ||
| 040 |
_a EG-GICUC _bara _c EG-GICUC _d EG-GICUC _erda |
||
| 041 | 0 | _aara | |
| 082 | 0 | 4 |
_221 _a345 _bم ح . م |
| 092 | 0 | 4 | _221 |
| 099 | _aLaw1 07 345 م ح . م 2 - ed 1994 | ||
| 100 | 0 |
_a محمود عبد الحكيم عبد الرسول _eمؤلف. |
|
| 245 | 1 | 2 |
_aالمرجع في شرح قانون المباني الجديد / _c.محمد ابراهيم الوالي |
| 250 | _aالطبعة الثانية. | ||
| 264 |
_a[مكان الناشر غير محدد] : _b[اسم الناشر غير محدد], _c1994. |
||
| 300 |
_a522؛ صفحة _c24 سم |
||
| 336 |
_2rda content _atext |
||
| 337 |
_2rda media _aComputer |
||
| 338 |
_2rda carrier _aOnline Resource |
||
| 504 | _a. 522-514ببليوجرافيا: صفحات. | ||
| 504 | _aيشتمل علي ارجاعات ببليوجرافية | ||
| 505 | _aيتناول بالتفصيل المشكلات العملية في التصالح في المباني جريمة إستئناف أعمال البناء السابق وقفها بالطريق الإداري جريمة البناء بدون ترخيص والجرائم الملحقة بها هل يجوز مصادرة المباني المخالفة ؟؟ جريمة البناء خارج خط التنظيم جريمة البناء المخالف للمواصفات جريمة البناء على أرض غير مقسمة جريمة البناء المخالف للرسومات جريمة البناء دون وضع لافتة أحدث أحكام النقض في المباني ملحق بقوانين المباني أهم القيود والأوصاف | ||
| 546 | _aالنص باللغة العربية | ||
| 650 | 1 |
_aالقانون الإداري _2qrmak |
|
| 651 | 1 | _2qrmak | |
| 856 | 4 | 0 | _uhttps://fll.law.cu.edu.eg/fulltext/bks/B07-04390.pdf |
| 905 | _a47 | ||
| 942 |
_2ddc _n0 _cBK _e21 |
||
| 999 |
_c73854 _d73854 |
||